Current Ships of the Royal Canadian Navy - Statistics

General Stats
  • This quiz has been taken 39 times
    13 since last reset
  • The average score is 16 of 25
Answer Stats
Answer % Correct
HMCS Ville de Québec
100%
HMCS Edmonton
92%
HMCS Toronto
92%
HMCS Vancouver
92%
HMCS Halifax
83%
HMCS Harry DeWolf
83%
HMCS Montréal
83%
HMCS Ottawa
83%
HMCS Regina
83%
HMCS Victoria
83%
HMCS Calgary
75%
HMCS St. John's
75%
HMCS Winnipeg
75%
HMCS Charlottetown
58%
HMCS Fredericton
58%
HMCS Yellowknife
58%
HMCS Moncton
50%
HMCS Windsor
50%
HMCS Corner Brook
42%
HMCS Margaret Brooke
42%
HMCS Chicoutimi
33%
HMCS Frédérick Rolette
33%
HMCS Max Bernays
25%
HMCS Nanaimo
25%
HMCS William Hall
25%
No matching quizzes found
Score Distribution
Percent of People with Each Score
Percentile by Number Answered
Your Score History
You have not taken this quiz since the last reset